Robbie Hahn
Texas A&M A
Categories
Literature - British Literature | 0 | 7 | 1 | 0 | 65 | 89 | 111.71 | 2 | 7 |
Literature - European Literature | 0 | 4 | 1 | 1 | 35 | 113 | 129.25 | 0 | 4 |
Fine Arts - Visual Fine Arts | 0 | 1 | 0 | 1 | 10 | 140 | 140.00 | 0 | 1 |
Geography | 0 | 1 | 0 | 0 | 10 | 79 | 79.00 | 1 | 1 |
Ancient History and Archaeology | 0 | 1 | 0 | 0 | 10 | 110 | 110.00 | 1 | 1 |
Beliefs | 1 | 0 | 1 | 0 | 10 | 61 | 61.00 | 1 | 1 |
Other Academic | 0 | 1 | 0 | 0 | 10 | 78 | 78.00 | 1 | 1 |
Social Science | 0 | 1 | 1 | 1 | 5 | 105 | 105.00 | 0 | 1 |
Philosophy | 0 | 1 | 2 | 0 | 0 | 108 | 108.00 | 1 | 1 |
Literature - American Literature | 0 | 1 | 3 | 0 | -5 | 112 | 112.00 | 1 | 1 |
World and Other Literature | 0 | 0 | 2 | 0 | -10 | 0.00 | 0 | 0 |